Our political system / (Record no. 177296)

MARC details
000 -LEADER
fixed length control field 00982nam a22002297a 4500
005 - DATE AND TIME OF LATEST TRANSACTION
control field 20210217165315.0
010 ## - LCCN (DPL NO)
LC control number B-736917
020 ## - INTERNATIONAL STANDARD BOOK NUMBER
International Standard Book Number 9788123752518
Terms of availability 140.00
035 ## - SYSTEM CONTROL NUMBER
System control number B-736917
037 ## - SOURCE OF ACQUISITION
Source of stock number/acquisition Gift/Eng/03-02-2021
082 ## - DEWEY DECIMAL CLASSIFICATION NUMBER
Classification number 320.954
100 ## - MAIN ENTRY--PERSONAL NAME
Personal name Kashyap, Subhash C.
245 ## - TITLE STATEMENT
Title Our political system /
Statement of responsibility, etc by Subhash C. Kashyap
260 ## - PUBLICATION, DISTRIBUTION, ETC. (IMPRINT)
Place of publication, distribution, etc New Delhi
Name of publisher, distributor, etc National Book Trust
Date of publication, distribution, etc 2013
270 ## - ADDRESS
Address Nehru Bhawan 5, Institutional Area, Ph-II, Vasant Kunj
City New Delhi
Postal code 110070
300 ## - PHYSICAL DESCRIPTION
Extent viii, 420p.
Dimensions 22cm(pbk)
490 ## - SERIES STATEMENT
Series statement India-the land and the people
500 ## - GENERAL NOTE
General note Includes bibliographical references and index
520 ## - SUMMARY, ETC.
Summary, etc Collection of lectures delivered on diverse aspects of Indian life and culture by various authors; festschrift volume.
942 ## - ADDED ENTRY ELEMENTS (KOHA)
Source of classification or shelving scheme Dewey Decimal Classification
Item type English Books
Call number suffix KAS
Classification part 320.954
Holdings
Withdrawn status Lost status Not for loan Collection code Home library Current library Date acquired Source of acquisition Cost, normal purchase price Full call number Barcode Copy number Cost, replacement price Koha item type
      Non-fiction Central Library Central Library 17/02/2021 Gift/Eng/03-02-2021 140.00 320.954 KAS B-736917 1 140.00 English Books

© Delhi Public Library
Hit Counter
free hit counter